| 000 | 00651nam a22002177a 4500 | ||
|---|---|---|---|
| 005 | 20260107112918.0 | ||
| 008 | 260107b |||||||| |||| 00| 0 eng d | ||
| 041 | _aeng | ||
| 082 |
_a570 _bKAL |
||
| 100 | _aKalita, Bedabati. | ||
| 245 | _aStudy of climate change adaptation and mitigation practices in differently managed rice agro ecosystem of Assam / | ||
| 260 |
_c2025. _eENV |
||
| 300 | _axiv ; 293p. | ||
| 650 | _aBiology | ||
| 650 | _aEnvironmental Sciences | ||
| 650 | _aLife sciences | ||
| 650 | _aEvolution (Biology) | ||
| 700 | _aBorah, Leena. | ||
| 856 | _uhttps://shodhganga.inflibnet.ac.in/handle/10603/666700 | ||
| 942 | _cTHS | ||
| 999 |
_c67697 _d67697 |
||